Report of the Joint Committee on the Patents bill, 1965 (Record no. 490001)

000 -LEADER
fixed length control field 00523cam a22001457a 4500
008 - FIXED-LENGTH DATA ELEMENTS--GENERAL INFORMATION
fixed length control field 180718b1966 xxu||||| |||| 00| 0 eng d
082 ## - DEWEY DECIMAL CLASSIFICATION NUMBER
Classification number U2403x54 B/1965
100 ## - MAIN ENTRY--PERSONAL NAME
Personal name Joint Committee on the Patents bill
245 ## - TITLE STATEMENT
Title Report of the Joint Committee on the Patents bill, 1965
Statement of responsibility, etc. by Lok Sabha Secretariat, India
260 ## - PUBLICATION, DISTRIBUTION, ETC.
Place of publication, distribution, etc. New Delhi
Name of publisher, distributor, etc. Lok Sabha Secretariat
Date of publication, distribution, etc. 1966
300 ## - PHYSICAL DESCRIPTION
Extent 191+p.
500 ## - GENERAL NOTE
General note Chairman: S.V. Krishanmoorthy Rao
700 ## - ADDED ENTRY--PERSONAL NAME
Personal name India. Lok Sabha Secretariat
700 ## - ADDED ENTRY--PERSONAL NAME
Personal name Rao, S.V. Krishnamoorthy (Chairman)
Holdings
Withdrawn status Lost status Damaged status Not for loan Permanent Location Current Location Date acquired Full call number Barcode Date last seen Price effective from Koha item type
        Indian Institute of Public Administration Indian Institute of Public Administration 2018-08-04 U2403x54 B/1965 GG5388 2018-08-04 2018-08-04 GG

Powered by Koha